ARRUPE JESUIT UNIVERSITY

CORONAVIRUS -STOP THE SPREAD - CLEAN,DISINFECT,COVER

Thomas Aquinas (Record no. 119966)

MARC details
000 -LEADER
fixed length control field 00591nam a22001817a 4500
008 - FIXED-LENGTH DATA ELEMENTS--GENERAL INFORMATION
fixed length control field 140205b xxu||||| |||| 00| 0 eng d
020 ## - INTERNATIONAL STANDARD BOOK NUMBER
International Standard Book Number 85-202-2394-x
050 ## - LIBRARY OF CONGRESS CALL NUMBER
Classification number B765.T54 B792
100 ## - MAIN ENTRY--PERSONAL NAME
Personal name Boyle, Leonard E.
9 (RLIN) 8050
245 ## - TITLE STATEMENT
Title Thomas Aquinas
Remainder of title considerations in christology
Statement of responsibility, etc Leonard E. Boyle
260 ## - PUBLICATION, DISTRIBUTION, ETC. (IMPRINT)
Place of publication, distribution, etc Toronto, Chicago
Name of publisher, distributor, etc Pontifical Institute of medieval Studies
Date of publication, distribution, etc 1963-82
300 ## - PHYSICAL DESCRIPTION
Extent 386p. ;
Dimensions 29cm.
440 ## - SERIES STATEMENT/ADDED ENTRY--TITLE
Title The Etienno Gilson Series
Number of part/section of a work no. 5
9 (RLIN) 8051
500 ## - GENERAL NOTE
General note Photocopy
600 ## - SUBJECT ADDED ENTRY--PERSONAL NAME
Personal name Thomas Aquinas, st.
9 (RLIN) 8052
650 ## - SUBJECT ADDED ENTRY--TOPICAL TERM
Topical term or geographic name as entry element Theology
9 (RLIN) 8053
942 ## - ADDED ENTRY ELEMENTS (KOHA)
Source of classification or shelving scheme Library of Congress Classification
Item type Monograph ( Printed materials)
Holdings
Withdrawn status Lost status Source of classification or shelving scheme Damaged status Not for loan Collection code Home library Current library Shelving location Date acquired Total Checkouts Full call number Barcode Date last seen Price effective from Koha item type
    Library of Congress Classification     Main Collection ARRUPE LIBRARY ARRUPE LIBRARY Main Collection 05/02/2014   B765.T54 B792 46411902 05/02/2014 05/02/2014 Monograph ( Printed materials)

 

Arrupe Library. PO Box MP320 Mt Pleasant, Harare, Zimbabwe
263 242 745411|librarian@aju.ac.zw